[Event "blitzwomeanteam"]
[Site "?"]
[Date "2016.10.07"]
[Round "5.4"]
[White "Markelova, Lubov"]
[Black "Severina, Maria"]
[Result "0-1"]
[LiveChessVersion "1.4.4"]
[BlackElo "2266"]
[WhiteElo "2199"]

1. Nf3 {[%clk 0:03:03]} Nf6 {[%clk 0:03:04]} 2. c4 {[%clk 0:03:05]} b6
{[%clk 0:03:04]} 3. g3 {[%clk 0:03:05]} Bb7 {[%clk 0:03:05]} 4. Bg2
{[%clk 0:03:07]} e6 {[%clk 0:03:06]} 5. O-O {[%clk 0:03:07]} c5 {[%clk 0:03:04]}
6. Nc3 {[%clk 0:03:07]} Be7 {[%clk 0:03:05]} 7. Re1 {[%clk 0:03:08]} O-O
{[%clk 0:02:56]} 8. e4 {[%clk 0:03:09]} d6 {[%clk 0:02:57]} 9. d4
{[%clk 0:03:10]} cxd4 {[%clk 0:02:54]} 10. Nxd4 {[%clk 0:03:11]} Qc8
{[%clk 0:02:51]} 11. Be3 {[%clk 0:03:04]} Rd8 {[%clk 0:02:46]} 12. f4
{[%clk 0:02:45]} Nbd7 {[%clk 0:02:46]} 13. Rc1 {[%clk 0:02:44]} a6
{[%clk 0:02:43]} 14. g4 {[%clk 0:02:35]} Bf8 {[%clk 0:02:38]} 15. g5
{[%clk 0:02:28]} Ne8 {[%clk 0:02:39]} 16. b3 {[%clk 0:01:48]} g6 {[%clk 0:02:40]}
17. Qg4 {[%clk 0:01:09]} Bg7 {[%clk 0:02:31]} 18. Nde2 {[%clk 0:00:35]} Nc5
{[%clk 0:02:26]} 19. Rcd1 {[%clk 0:00:29]} b5 {[%clk 0:02:11]} 20. Bd4
{[%clk 0:00:24]} bxc4 {[%clk 0:02:07]} 21. bxc4 {[%clk 0:00:25]} Qc7
{[%clk 0:01:59]} 22. Bxg7 {[%clk 0:00:17]} Nxg7 {[%clk 0:01:58]} 23. Nd4
{[%clk 0:00:16]} Rab8 {[%clk 0:01:53]} 24. f5 {[%clk 0:00:11]} exf5
{[%clk 0:01:45]} 25. exf5 {[%clk 0:00:13]} Bxg2 {[%clk 0:01:44]} 26. Qxg2
{[%clk 0:00:12]} gxf5 {[%clk 0:01:27]} 27. Nd5 {[%clk 0:00:13]} Qb7
{[%clk 0:01:04]} 28. Nf6+ {[%clk 0:00:13]} Kh8 {[%clk 0:00:55]} 29. Qh3
{[%clk 0:00:12]} h5 {[%clk 0:00:55]} 30. gxh6 {[%clk 0:00:08]} Nge6
{[%clk 0:00:52]} 31. Qxf5 {[%clk 0:00:06]} Rg8+ {[%clk 0:00:53]} 32. Ng4
{[%clk 0:00:04]} Rxg4+ {[%clk 0:00:41]} 33. Qxg4 {[%clk 0:00:03]} Rg8
{[%clk 0:00:43]} 34. Qxg8+ Kxg8 {[%clk 0:00:44]} 35. Nxe6 {[%clk 0:00:04]} Nxe6
{[%clk 0:00:44]} 36. Rxd6 {[%clk 0:00:03]} Qc7 {[%clk 0:00:41]} 37. Red1
{[%clk 0:00:04]} Qc5+ {[%clk 0:00:41]} 38. Kg2 {[%clk 0:00:05]} Qxc4
{[%clk 0:00:39]} 39. Kf2 {[%clk 0:00:05]} Kh7 {[%clk 0:00:39]} 40. R1d2
{[%clk 0:00:05]} Kxh6 {[%clk 0:00:39]} 41. Rd7 {[%clk 0:00:05]} Kg7
{[%clk 0:00:40]} 42. Ke1 {[%clk 0:00:06]} Qc1+ {[%clk 0:00:40]} 43. Kf2
{[%clk 0:00:07]} Qc5+ {[%clk 0:00:41]} 44. Ke1 {[%clk 0:00:08]} Qc1+
{[%clk 0:00:38]} 45. Kf2 {[%clk 0:00:09]} Nc5 {[%clk 0:00:39]} 46. R7d4
{[%clk 0:00:07]} Ne4+ {[%clk 0:00:36]} 47. Rxe4 {[%clk 0:00:05]} Qxd2+
{[%clk 0:00:37]} 48. Re2 {[%clk 0:00:07]} Qd4+ {[%clk 0:00:38]} 49. Kg2
{[%clk 0:00:07]} f5 {[%clk 0:00:39]} 50. Rf2 {[%clk 0:00:06]} f4 {[%clk 0:00:39]}
51. Kf3 {[%clk 0:00:06]} Kf6 {[%clk 0:00:39]} 52. Kg2 {[%clk 0:00:04]} Kf5
{[%clk 0:00:40]} 53. Kf3 {[%clk 0:00:04]} Qe4# {[%clk 0:00:40]} 0-1

[Event "blitzwomeanteam"]
[Site "?"]
[Date "2016.10.07"]
[Round "5.5"]
[White "Bodnaruk, Anastasia"]
[Black "Sukhareva, Evgeniya"]
[Result "1-0"]
[LiveChessVersion "1.4.4"]
[BlackElo "2258"]
[WhiteElo "2386"]

1. e4 {[%clk 0:03:03]} c5 {[%clk 0:03:04]} 2. Nc3 {[%clk 0:03:05]} a6
{[%clk 0:03:05]} 3. g3 {[%clk 0:03:05]} b5 {[%clk 0:03:04]} 4. Bg2
{[%clk 0:03:04]} Bb7 {[%clk 0:03:05]} 5. Nge2 {[%clk 0:03:02]} Nf6
{[%clk 0:03:00]} 6. d4 {[%clk 0:02:49]} cxd4 {[%clk 0:02:31]} 7. Qxd4
{[%clk 0:02:40]} e6 {[%clk 0:02:04]} 8. O-O {[%clk 0:02:37]} d6 {[%clk 0:02:05]}
9. Bg5 {[%clk 0:02:25]} e5 {[%clk 0:00:59]} 10. Qd3 {[%clk 0:02:08]} h6
{[%clk 0:00:57]} 11. Bxf6 {[%clk 0:02:00]} Qxf6 {[%clk 0:00:57]} 12. f4 Nd7
{[%clk 0:00:48]} 13. Rad1 {[%clk 0:01:50]} Be7 {[%clk 0:00:44]} 14. fxe5
{[%clk 0:01:42]} Qxe5 {[%clk 0:00:42]} 15. Rf5 {[%clk 0:01:42]} Nc5
{[%clk 0:00:29]} 16. Rxe5 {[%clk 0:01:38]} Nxd3 {[%clk 0:00:30]} 17. Rxe7+
{[%clk 0:01:39]} Kxe7 {[%clk 0:00:31]} 18. Rxd3 {[%clk 0:01:40]} Rac8
{[%clk 0:00:26]} 19. Nd4 {[%clk 0:01:41]} g6 {[%clk 0:00:26]} 20. Nd5+
{[%clk 0:01:30]} Bxd5 {[%clk 0:00:25]} 21. exd5 {[%clk 0:01:31]} Kf6
{[%clk 0:00:22]} 22. Ra3 {[%clk 0:01:21]} Ra8 {[%clk 0:00:20]} 23. Kf2
{[%clk 0:01:18]} Rhc8 {[%clk 0:00:20]} 24. Nc6 {[%clk 0:01:19]} Kg7
{[%clk 0:00:19]} 25. Ra5 {[%clk 0:01:19]} Rc7 {[%clk 0:00:18]} 26. a4
{[%clk 0:01:13]} bxa4 {[%clk 0:00:19]} 27. Rxa4 {[%clk 0:01:15]} Rb7
{[%clk 0:00:19]} 28. b3 {[%clk 0:01:15]} Rb6 {[%clk 0:00:17]} 29. Bf1
{[%clk 0:01:11]} h5 {[%clk 0:00:14]} 30. b4 {[%clk 0:01:11]} g5 {[%clk 0:00:12]}
31. b5 {[%clk 0:01:11]} Rb7 {[%clk 0:00:07]} 32. bxa6 {[%clk 0:01:05]} Rb2
{[%clk 0:00:08]} 33. Bd3 {[%clk 0:01:06]} Rb1 {[%clk 0:00:05]} 34. a7
{[%clk 0:01:05]} Rb2 {[%clk 0:00:06]} 35. Re4 {[%clk 0:01:03]} Ra2
{[%clk 0:00:06]} 36. Re7 {[%clk 0:01:04]} Kf8 {[%clk 0:00:07]} 37. Rb7
{[%clk 0:01:05]} Kg7 {[%clk 0:00:07]} 38. Rd7 {[%clk 0:01:04]} h4
{[%clk 0:00:06]} 39. gxh4 {[%clk 0:01:05]} gxh4 {[%clk 0:00:07]} 40. Rxd6
{[%clk 0:01:06]} h3 {[%clk 0:00:08]} 41. Kg3 {[%clk 0:01:08]} Ra3
{[%clk 0:00:08]} 42. Kxh3 {[%clk 0:01:06]} Ra4 {[%clk 0:00:08]} 43. Kg3
{[%clk 0:01:07]} Rh8 44. Rd7 {[%clk 0:00:56]} Rah4 {[%clk 0:00:06]} 45. Bf5
{[%clk 0:00:53]} R4h5 {[%clk 0:00:04]} 46. Rd8 {[%clk 0:00:47]} 1-0

[Event "blitzwomeanteam"]
[Site "?"]
[Date "2016.10.07"]
[Round "5.6"]
[White "Drozdova, Dina"]
[Black "Ovod, Evgenija"]
[Result "0-1"]
[LiveChessVersion "1.4.4"]
[BlackElo "2195"]
[WhiteElo "2241"]

1. d4 {[%clk 0:03:03]} f5 {[%clk 0:03:03]} 2. e4 {[%clk 0:03:04]} fxe4
{[%clk 0:03:02]} 3. Nc3 {[%clk 0:03:05]} Nf6 {[%clk 0:02:58]} 4. Bg5
{[%clk 0:03:07]} g6 {[%clk 0:02:42]} 5. h4 {[%clk 0:02:59]} d5 {[%clk 0:02:30]}
6. Be2 {[%clk 0:02:51]} h6 {[%clk 0:02:25]} 7. Bf4 {[%clk 0:02:50]} Bg7
{[%clk 0:02:22]} 8. Be5 {[%clk 0:02:49]} Nbd7 {[%clk 0:02:19]} 9. Nh3
{[%clk 0:02:40]} c6 {[%clk 0:02:09]} 10. Nf4 {[%clk 0:02:36]} Kf7
{[%clk 0:02:05]} 11. h5 {[%clk 0:02:35]} g5 {[%clk 0:02:03]} 12. Ng6
{[%clk 0:02:35]} Re8 {[%clk 0:02:02]} 13. f4 {[%clk 0:02:09]} exf3
{[%clk 0:01:35]} 14. Bxf3 {[%clk 0:02:10]} Nf8 {[%clk 0:01:35]} 15. Qd3
{[%clk 0:02:08]} Be6 {[%clk 0:01:28]} 16. O-O-O {[%clk 0:01:33]} Qd7
{[%clk 0:01:26]} 17. Bg3 {[%clk 0:01:14]} Nxg6 {[%clk 0:01:25]} 18. hxg6+
{[%clk 0:01:12]} Kf8 {[%clk 0:01:20]} 19. Be5 {[%clk 0:01:10]} Bf5
{[%clk 0:01:19]} 20. Qe2 {[%clk 0:01:11]} Bxg6 {[%clk 0:01:19]} 21. Rdf1
{[%clk 0:01:13]} Kg8 {[%clk 0:01:16]} 22. Kb1 {[%clk 0:01:07]} Rf8
{[%clk 0:01:16]} 23. Bxf6 {[%clk 0:01:04]} exf6 {[%clk 0:01:14]} 24. g4
{[%clk 0:00:57]} Rae8 {[%clk 0:01:13]} 25. Qg2 {[%clk 0:00:55]} f5
{[%clk 0:01:10]} 26. gxf5 {[%clk 0:00:55]} Bxf5 {[%clk 0:01:08]} 27. a3
{[%clk 0:00:45]} Qd6 {[%clk 0:00:52]} 28. Bh5 {[%clk 0:00:35]} Bg6
{[%clk 0:00:51]} 29. Bf3 {[%clk 0:00:33]} Rf4 {[%clk 0:00:48]} 30. Ne2
{[%clk 0:00:32]} Rf7 {[%clk 0:00:45]} 31. Ng3 {[%clk 0:00:33]} Ref8
{[%clk 0:00:43]} 32. Bh5 {[%clk 0:00:21]} Rxf1+ {[%clk 0:00:42]} 33. Rxf1
{[%clk 0:00:22]} Rxf1+ {[%clk 0:00:40]} 34. Qxf1 {[%clk 0:00:24]} Bxh5
{[%clk 0:00:32]} 35. Nxh5 {[%clk 0:00:25]} Bxd4 {[%clk 0:00:30]} 36. Qf5
{[%clk 0:00:26]} Bg7 {[%clk 0:00:15]} 37. Qc8+ {[%clk 0:00:25]} Kh7
{[%clk 0:00:14]} 38. Qxb7 {[%clk 0:00:26]} Qe5 {[%clk 0:00:14]} 39. a4
{[%clk 0:00:18]} a5 {[%clk 0:00:14]} 40. Nxg7 {[%clk 0:00:12]} Qxg7
{[%clk 0:00:14]} 41. Qxg7+ {[%clk 0:00:09]} Kxg7 {[%clk 0:00:15]} 42. b4
{[%clk 0:00:11]} g4 {[%clk 0:00:13]} 43. bxa5 {[%clk 0:00:09]} g3
{[%clk 0:00:14]} 44. a6 {[%clk 0:00:10]} g2 {[%clk 0:00:15]} 0-1

[Event "blitzwomeanteam"]
[Site "?"]
[Date "2016.10.07"]
[Round "5.7"]
[White "Travkina, Anastasia"]
[Black "Tomilova, Elena"]
[Result "1/2-1/2"]
[LiveChessVersion "1.4.4"]
[BlackElo "2223"]
[WhiteElo "2168"]

1. e4 {[%clk 0:03:03]} e6 {[%clk 0:03:04]} 2. d4 {[%clk 0:03:04]} d5
{[%clk 0:03:05]} 3. Nc3 {[%clk 0:03:06]} Nf6 {[%clk 0:03:05]} 4. Bg5
{[%clk 0:03:06]} Bb4 {[%clk 0:03:06]} 5. e5 {[%clk 0:03:07]} h6 {[%clk 0:03:07]}
6. Bh4 {[%clk 0:03:09]} g5 {[%clk 0:03:06]} 7. Bg3 {[%clk 0:03:10]} Ne4
{[%clk 0:03:06]} 8. Nge2 {[%clk 0:03:12]} c5 {[%clk 0:03:02]} 9. a3
{[%clk 0:03:13]} Bxc3+ {[%clk 0:02:58]} 10. Nxc3 {[%clk 0:03:12]} Nxc3
{[%clk 0:02:54]} 11. bxc3 {[%clk 0:03:13]} cxd4 {[%clk 0:02:50]} 12. cxd4
{[%clk 0:03:11]} Qa5+ {[%clk 0:02:36]} 13. Qd2 {[%clk 0:03:12]} Qa4
{[%clk 0:02:27]} 14. c3 {[%clk 0:02:47]} Nc6 {[%clk 0:02:19]} 15. Bd3
{[%clk 0:02:47]} Bd7 {[%clk 0:02:03]} 16. O-O {[%clk 0:02:29]} Na5
{[%clk 0:01:46]} 17. Rab1 {[%clk 0:02:06]} b6 {[%clk 0:01:40]} 18. f4
{[%clk 0:01:32]} O-O-O {[%clk 0:01:07]} 19. fxg5 {[%clk 0:01:25]} hxg5
{[%clk 0:01:05]} 20. Qxg5 {[%clk 0:01:24]} Qxa3 {[%clk 0:00:51]} 21. Rxf7
{[%clk 0:01:08]} Nc4 {[%clk 0:00:48]} 22. Bxc4 {[%clk 0:00:50]} dxc4
{[%clk 0:00:50]} 23. d5 {[%clk 0:00:43]} Qxc3 {[%clk 0:00:46]} 24. dxe6
{[%clk 0:00:41]} Bxe6 {[%clk 0:00:40]} 25. Rxa7 {[%clk 0:00:38]} Qd3
{[%clk 0:00:29]} 26. Rba1 {[%clk 0:00:31]} Rhe8 {[%clk 0:00:21]} 27. Ra8+
{[%clk 0:00:17]} Kb7 {[%clk 0:00:21]} 28. R8a7+ {[%clk 0:00:18]} Kc8 29. Ra8+ Kb7
{[%clk 0:00:23]} 30. R8a7+ {[%clk 0:00:15]} Kc8 {[%clk 0:00:24]} 31. Ra8+
{[%clk 0:00:13]} Kb7 {[%clk 0:00:26]} 32. R8a7+ {[%clk 0:00:14]} Kc8
{[%clk 0:00:27]} 33. Ra8+ {[%clk 0:00:10]} Kb7 {[%clk 0:00:29]} 1/2-1/2

[Event "blitzwomeanteam"]
[Site "?"]
[Date "2016.10.07"]
[Round "5.8"]
[White "Sazonova, Anastasia"]
[Black "Maltsevskaya, Aleksandra"]
[Result "0-1"]
[LiveChessVersion "1.4.4"]
[BlackElo "2046"]
[WhiteElo "1923"]

1. d4 {[%clk 0:03:00]} Nf6 {[%clk 0:03:03]} 2. c4 {[%clk 0:03:01]} g6
{[%clk 0:03:04]} 3. Nc3 {[%clk 0:03:02]} Bg7 {[%clk 0:03:05]} 4. e4
{[%clk 0:03:03]} d6 {[%clk 0:03:06]} 5. Be2 {[%clk 0:03:04]} O-O {[%clk 0:03:06]}
6. Bg5 {[%clk 0:03:04]} h6 {[%clk 0:03:06]} 7. Be3 {[%clk 0:03:05]} c5
{[%clk 0:03:07]} 8. d5 {[%clk 0:03:06]} e6 {[%clk 0:03:01]} 9. dxe6
{[%clk 0:02:57]} Bxe6 {[%clk 0:03:00]} 10. Qd2 {[%clk 0:02:54]} Kh7
{[%clk 0:02:52]} 11. h3 {[%clk 0:02:40]} Nc6 {[%clk 0:02:40]} 12. Nf3
{[%clk 0:02:33]} Qa5 {[%clk 0:02:13]} 13. O-O {[%clk 0:01:49]} Rad8
{[%clk 0:02:12]} 14. Rad1 {[%clk 0:01:21]} Rfe8 {[%clk 0:02:03]} 15. Qc2
{[%clk 0:00:54]} Qa6 {[%clk 0:01:10]} 16. Nd5 {[%clk 0:00:31]} Bxd5
{[%clk 0:01:05]} 17. exd5 {[%clk 0:00:26]} Nb4 {[%clk 0:01:00]} 18. Qb3
{[%clk 0:00:15]} Qxa2 {[%clk 0:00:54]} 19. Qxa2 {[%clk 0:00:16]} Nxa2
{[%clk 0:00:55]} 20. Ra1 {[%clk 0:00:18]} Nb4 {[%clk 0:00:56]} 21. Rxa7
{[%clk 0:00:17]} Nc2 {[%clk 0:00:56]} 22. Rxb7 {[%clk 0:00:13]} Nxe3
{[%clk 0:00:56]} 23. fxe3 {[%clk 0:00:13]} Rxe3 {[%clk 0:00:57]} 24. Bd1
{[%clk 0:00:10]} Kg8 {[%clk 0:00:54]} 25. b4 {[%clk 0:00:07]} cxb4
{[%clk 0:00:51]} 26. Rxb4 {[%clk 0:00:08]} Rc3 {[%clk 0:00:52]} 27. Be2
{[%clk 0:00:05]} Re8 {[%clk 0:00:51]} 28. Bd1 {[%clk 0:00:04]} Rc1
{[%clk 0:00:52]} 29. Ba4 {[%clk 0:00:04]} Rxf1+ {[%clk 0:00:49]} 30. Kxf1
{[%clk 0:00:05]} Ra8 {[%clk 0:00:45]} 31. Bb5 {[%clk 0:00:04]} Ne4
{[%clk 0:00:45]} 32. Bc6 {[%clk 0:00:04]} Ra1+ {[%clk 0:00:46]} 33. Ke2
{[%clk 0:00:05]} Nc5 {[%clk 0:00:42]} 34. Rb8+ {[%clk 0:00:05]} Kh7
{[%clk 0:00:43]} 35. Rd8 {[%clk 0:00:06]} Ra2+ {[%clk 0:00:42]} 36. Ke3
{[%clk 0:00:05]} Ra3+ {[%clk 0:00:36]} 37. Ke2 {[%clk 0:00:04]} Ne4
{[%clk 0:00:37]} 38. Rd7 {[%clk 0:00:04]} Kg8 {[%clk 0:00:37]} 39. Rd8+
{[%clk 0:00:06]} Kh7 {[%clk 0:00:38]} 40. Rd7 {[%clk 0:00:07]} Ra2+
{[%clk 0:00:34]} 41. Kd1 f5 {[%clk 0:00:32]} 42. Rd8 {[%clk 0:00:06]} Bc3
{[%clk 0:00:32]} 43. Rd7+ {[%clk 0:00:05]} Kg8 {[%clk 0:00:33]} 44. Rd8+
{[%clk 0:00:06]} Kf7 {[%clk 0:00:34]} 45. Kc1 {[%clk 0:00:05]} Nc5
{[%clk 0:00:33]} 46. Rb8 {[%clk 0:00:05]} Nd3+ {[%clk 0:00:34]} 47. Kb1
{[%clk 0:00:03]} Rxg2 {[%clk 0:00:33]} 48. Rb7+ {[%clk 0:00:04]} Kf6 0-1

[Event "blitzwomeanteam"]
[Site "?"]
[Date "2016.10.07"]
[Round "5.9"]
[White "Ruchieva, Natalia"]
[Black "Pogonina, Natalija"]
[Result "1/2-1/2"]
[LiveChessVersion "1.4.4"]
[BlackElo "2402"]
[WhiteElo "2194"]

1. e4 {[%clk 0:03:03]} e5 {[%clk 0:03:03]} 2. Nf3 {[%clk 0:03:03]} Nc6
{[%clk 0:03:03]} 3. Nc3 {[%clk 0:03:04]} Nf6 {[%clk 0:03:03]} 4. d4
{[%clk 0:03:06]} exd4 {[%clk 0:03:04]} 5. Nxd4 {[%clk 0:03:06]} Bb4
{[%clk 0:03:04]} 6. Nxc6 {[%clk 0:03:01]} bxc6 {[%clk 0:03:05]} 7. Bd3
{[%clk 0:03:01]} d5 {[%clk 0:03:04]} 8. exd5 {[%clk 0:02:58]} O-O
{[%clk 0:03:05]} 9. O-O {[%clk 0:02:51]} cxd5 {[%clk 0:03:05]} 10. Bg5
{[%clk 0:02:50]} c6 {[%clk 0:03:06]} 11. Qf3 {[%clk 0:02:49]} Bd6
{[%clk 0:03:06]} 12. Ne2 {[%clk 0:02:20]} Rb8 {[%clk 0:03:03]} 13. b3
{[%clk 0:02:09]} h6 {[%clk 0:02:44]} 14. Bxf6 {[%clk 0:01:55]} Qxf6
{[%clk 0:02:44]} 15. Qxf6 {[%clk 0:01:55]} gxf6 {[%clk 0:02:44]} 16. Nd4
{[%clk 0:01:50]} Rb6 {[%clk 0:01:48]} 17. Nf5 {[%clk 0:01:47]} Bxf5
{[%clk 0:01:47]} 18. Bxf5 {[%clk 0:01:47]} Bb4 {[%clk 0:01:47]} 19. Rad1
{[%clk 0:01:43]} Bc3 {[%clk 0:01:39]} 20. Rd3 {[%clk 0:01:43]} d4
{[%clk 0:01:13]} 21. Rg3+ {[%clk 0:01:42]} Kh8 {[%clk 0:01:14]} 22. Rh3
{[%clk 0:01:43]} Kg7 {[%clk 0:01:04]} 23. Rg3+ {[%clk 0:01:44]} Kh8
{[%clk 0:01:05]} 24. Rh3 {[%clk 0:01:42]} Kg7 {[%clk 0:01:06]} 25. Rg3+
{[%clk 0:01:18]} Kh8 {[%clk 0:01:07]} 26. f4 {[%clk 0:01:09]} Re8
{[%clk 0:00:53]} 27. Rh3 {[%clk 0:01:04]} Kg7 {[%clk 0:00:54]} 28. Rff3
{[%clk 0:00:58]} Re3 {[%clk 0:00:45]} 29. Rfg3+ {[%clk 0:00:51]} Rxg3
{[%clk 0:00:45]} 30. Rxg3+ {[%clk 0:00:52]} Kf8 {[%clk 0:00:45]} 31. Rh3
{[%clk 0:00:52]} Kg7 {[%clk 0:00:35]} 32. Rg3+ {[%clk 0:00:53]} Kf8
{[%clk 0:00:36]} 33. Rh3 {[%clk 0:00:54]} Kg7 {[%clk 0:00:25]} 34. Rg3+
{[%clk 0:00:55]} Kf8 {[%clk 0:00:24]} 35. Rh3 {[%clk 0:00:56]} Kg7
{[%clk 0:00:23]} 36. Rg3+ {[%clk 0:00:50]} Kf8 {[%clk 0:00:24]} 37. Rh3
{[%clk 0:00:51]} Kg7 {[%clk 0:00:25]} 1/2-1/2

[Event "blitzwomeanteam"]
[Site "?"]
[Date "2016.10.07"]
[Round "5.10"]
[White "Mkrtchian, Lilit"]
[Black "Drozdova, Dina"]
[Result "1/2-1/2"]
[LiveChessVersion "1.4.4"]
[BlackElo "2241"]
[WhiteElo "2374"]

1. Nf3 {[%clk 0:03:02]} d5 {[%clk 0:03:03]} 2. g3 {[%clk 0:03:03]} b5
{[%clk 0:03:04]} 3. Bg2 {[%clk 0:03:04]} Bb7 {[%clk 0:03:06]} 4. O-O
{[%clk 0:03:00]} Nf6 {[%clk 0:03:07]} 5. d3 {[%clk 0:02:52]} e6 {[%clk 0:03:07]}
6. c4 {[%clk 0:02:51]} a6 {[%clk 0:03:06]} 7. Qc2 {[%clk 0:02:47]} c5
{[%clk 0:03:02]} 8. Nc3 {[%clk 0:02:34]} bxc4 {[%clk 0:02:49]} 9. dxc4
{[%clk 0:02:31]} d4 {[%clk 0:02:50]} 10. Na4 {[%clk 0:02:30]} Nbd7
{[%clk 0:02:48]} 11. e3 {[%clk 0:02:14]} dxe3 {[%clk 0:02:11]} 12. Bxe3
{[%clk 0:02:14]} Be7 {[%clk 0:02:07]} 13. Rad1 {[%clk 0:02:13]} Qa5
{[%clk 0:01:59]} 14. Bd2 {[%clk 0:01:54]} Qc7 {[%clk 0:01:58]} 15. Bf4
{[%clk 0:01:53]} Qa5 {[%clk 0:01:54]} 16. Bd2 {[%clk 0:01:50]} Qc7
{[%clk 0:01:54]} 17. Bf4 {[%clk 0:01:52]} Qa5 {[%clk 0:01:55]} 18. Bd2
{[%clk 0:01:48]} Qc7 {[%clk 0:01:57]} 19. Bf4 {[%clk 0:01:49]} Qd8 1/2-1/2

[Event "blitzwomeanteam"]
[Site "?"]
[Date "2016.10.07"]
[Round "5.11"]
[White "Tomilova, Elena"]
[Black "Nechaeva, Marina"]
[Result "0-1"]
[LiveChessVersion "1.4.4"]
[BlackElo "2351"]
[WhiteElo "2223"]

1. b3 {[%clk 0:03:04]} d5 {[%clk 0:03:02]} 2. Bb2 {[%clk 0:03:05]} Bf5
{[%clk 0:03:03]} 3. Nf3 {[%clk 0:03:06]} Nd7 {[%clk 0:03:03]} 4. e3
{[%clk 0:03:07]} e6 {[%clk 0:03:04]} 5. Be2 {[%clk 0:03:07]} c6 {[%clk 0:03:05]}
6. O-O {[%clk 0:03:07]} h6 {[%clk 0:03:05]} 7. c4 {[%clk 0:03:07]} Ngf6
{[%clk 0:03:06]} 8. Nc3 {[%clk 0:03:06]} Bd6 {[%clk 0:03:06]} 9. cxd5
{[%clk 0:03:04]} exd5 {[%clk 0:03:06]} 10. Nd4 {[%clk 0:03:05]} Bh7
{[%clk 0:03:03]} 11. f4 {[%clk 0:03:02]} O-O {[%clk 0:02:59]} 12. Kh1
{[%clk 0:02:54]} c5 {[%clk 0:02:54]} 13. Nf3 {[%clk 0:02:42]} a6 {[%clk 0:02:51]}
14. Qe1 {[%clk 0:02:36]} Re8 {[%clk 0:02:49]} 15. Qh4 {[%clk 0:02:32]} b5
{[%clk 0:02:28]} 16. g4 {[%clk 0:02:14]} b4 {[%clk 0:02:28]} 17. Na4
{[%clk 0:02:13]} Be4 {[%clk 0:01:58]} 18. Kg1 {[%clk 0:02:09]} Bxf3 19. Bxf3
{[%clk 0:02:10]} Ne4 {[%clk 0:01:14]} 20. Qxd8 {[%clk 0:02:04]} Raxd8
{[%clk 0:01:15]} 21. Rfd1 {[%clk 0:02:00]} c4 {[%clk 0:01:09]} 22. Bd4
{[%clk 0:01:53]} Rc8 {[%clk 0:01:08]} 23. Kf1 {[%clk 0:01:18]} Bc5
{[%clk 0:01:02]} 24. Nxc5 {[%clk 0:01:12]} Ndxc5 {[%clk 0:01:03]} 25. bxc4
{[%clk 0:01:06]} dxc4 {[%clk 0:01:02]} 26. Bxe4 {[%clk 0:01:04]} Rxe4
{[%clk 0:01:02]} 27. Ke2 {[%clk 0:00:59]} Nd3 {[%clk 0:01:01]} 28. Kf3
{[%clk 0:00:53]} Re7 {[%clk 0:00:48]} 29. Rab1 {[%clk 0:00:55]} a5
{[%clk 0:00:49]} 30. h4 {[%clk 0:00:55]} a4 {[%clk 0:00:48]} 31. Rg1
{[%clk 0:00:52]} b3 {[%clk 0:00:48]} 32. axb3 cxb3 {[%clk 0:00:48]} 33. h5
{[%clk 0:00:50]} Rb7 {[%clk 0:00:47]} 34. g5 {[%clk 0:00:50]} hxg5
{[%clk 0:00:38]} 35. Rxg5 {[%clk 0:00:51]} f6 {[%clk 0:00:39]} 36. Ra5
{[%clk 0:00:52]} b2 {[%clk 0:00:26]} 37. Rxa4 {[%clk 0:00:15]} Rc1
{[%clk 0:00:26]} 38. Rxb2 {[%clk 0:00:11]} Nxb2 {[%clk 0:00:26]} 39. Ra6
{[%clk 0:00:10]} Rh1 {[%clk 0:00:21]} 40. Kg4 {[%clk 0:00:10]} Nc4
{[%clk 0:00:21]} 41. Rc6 {[%clk 0:00:11]} Nxd2 {[%clk 0:00:22]} 42. Kf5
{[%clk 0:00:09]} Kh7 {[%clk 0:00:22]} 43. Kg4 {[%clk 0:00:09]} Ne4
{[%clk 0:00:22]} 44. Kf3 {[%clk 0:00:09]} Nd2+ {[%clk 0:00:22]} 45. Kg4
{[%clk 0:00:08]} Nb3 {[%clk 0:00:17]} 46. Bc3 {[%clk 0:00:08]} Rc1
{[%clk 0:00:17]} 47. h6 {[%clk 0:00:08]} Kxh6 {[%clk 0:00:16]} 48. e4
{[%clk 0:00:07]} Kh7 {[%clk 0:00:16]} 49. Kf5 {[%clk 0:00:07]} Nd4+
{[%clk 0:00:16]} 0-1

[Event "blitzwomeanteam"]
[Site "?"]
[Date "2016.10.07"]
[Round "5.12"]
[White "Kovanova, Baira"]
[Black "Baraeva, Marina"]
[Result "1-0"]
[LiveChessVersion "1.4.4"]
[BlackElo "2170"]
[WhiteElo "2282"]

1. Nf3 {[%clk 0:03:03]} d5 {[%clk 0:03:02]} 2. g3 {[%clk 0:03:04]} g6
{[%clk 0:03:03]} 3. c4 {[%clk 0:02:55]} d4 {[%clk 0:02:51]} 4. d3
{[%clk 0:02:52]} Bg7 {[%clk 0:02:49]} 5. b4 {[%clk 0:02:50]} e5 {[%clk 0:02:43]}
6. Bg2 {[%clk 0:02:49]} Nd7 {[%clk 0:02:41]} 7. O-O {[%clk 0:02:48]} Ngf6
{[%clk 0:02:36]} 8. Nbd2 {[%clk 0:02:40]} O-O {[%clk 0:02:35]} 9. Bb2
{[%clk 0:02:40]} a5 {[%clk 0:02:32]} 10. a3 {[%clk 0:02:36]} a4 {[%clk 0:02:33]}
11. Qc2 {[%clk 0:02:25]} c5 {[%clk 0:02:32]} 12. b5 {[%clk 0:02:15]} Ne8
{[%clk 0:02:29]} 13. e4 {[%clk 0:02:05]} dxe3 {[%clk 0:02:21]} 14. fxe3
{[%clk 0:02:07]} Nd6 {[%clk 0:02:22]} 15. e4 {[%clk 0:01:56]} f5 {[%clk 0:02:15]}
16. Nb1 {[%clk 0:01:52]} f4 {[%clk 0:02:02]} 17. Nc3 {[%clk 0:01:46]} g5
{[%clk 0:02:03]} 18. g4 {[%clk 0:01:32]} h5 {[%clk 0:01:55]} 19. h3
{[%clk 0:01:30]} hxg4 {[%clk 0:01:53]} 20. hxg4 {[%clk 0:01:31]} Nb6
{[%clk 0:01:33]} 21. Nh2 {[%clk 0:01:30]} Kf7 {[%clk 0:01:13]} 22. Bf3
{[%clk 0:01:26]} Rh8 {[%clk 0:01:13]} 23. Kg2 {[%clk 0:01:22]} Qf6
{[%clk 0:01:11]} 24. Rh1 {[%clk 0:01:15]} Be6 {[%clk 0:01:10]} 25. Nd5
{[%clk 0:01:12]} Bxd5 {[%clk 0:00:58]} 26. exd5 {[%clk 0:01:12]} Qh6
{[%clk 0:00:54]} 27. Kg1 {[%clk 0:00:58]} Qh3 {[%clk 0:00:49]} 28. Qg2
{[%clk 0:00:49]} Qh6 {[%clk 0:00:23]} 29. Qf2 {[%clk 0:00:48]} Rac8
{[%clk 0:00:21]} 30. Re1 {[%clk 0:00:49]} Nd7 {[%clk 0:00:21]} 31. Nf1
{[%clk 0:00:48]} Qg6 {[%clk 0:00:20]} 32. Qe2 {[%clk 0:00:39]} Rxh1+
{[%clk 0:00:19]} 33. Bxh1 {[%clk 0:00:39]} Rh8 {[%clk 0:00:15]} 34. Nd2
{[%clk 0:00:39]} Rh3 {[%clk 0:00:15]} 35. Bg2 {[%clk 0:00:36]} Rxd3
{[%clk 0:00:12]} 36. Ne4 {[%clk 0:00:33]} Nxe4 {[%clk 0:00:09]} 37. Bxe4 Rg3+ 38.
Kf1 {[%clk 0:00:10]} Qh6 {[%clk 0:00:12]} 39. Bg2 {[%clk 0:00:11]} e4
{[%clk 0:00:09]} 40. Bxg7 {[%clk 0:00:11]} Kxg7 {[%clk 0:00:09]} 41. Qxe4
{[%clk 0:00:11]} Qh2 {[%clk 0:00:05]} 42. Qe7+ Kg8 {[%clk 0:00:04]} 43. Qxg5+
{[%clk 0:00:12]} Kh8 {[%clk 0:00:04]} 44. Re8+ {[%clk 0:00:13]} Kh7
{[%clk 0:00:05]} 45. Re7+ {[%clk 0:00:13]} 1-0